| 000 | 00560cam a22001337a 4500 | ||
|---|---|---|---|
| 008 | 180718b1966 xxu||||| |||| 00| 0 eng d | ||
| 082 | _aB704x747 N42 | ||
| 100 | _aUnited States. Temporary Commission on City Finances | ||
| 245 | _aBetter financing for New York City: final report of the temporary commission on City Finances City of New York, including the first, second and third reports and additional materials | ||
| 260 |
_aNew York _bThe author _c1966 |
||
| 300 | _a251+p. | ||
| 500 | _aChairman: Earl B. Schwulst | ||
| 700 | _aSchwulst, Earl B. (Chairman) | ||
| 999 |
_c488137 _d488137 |
||